[Event "Chittagong op"]
[Site "Chittagong"]
[Date "2018.09.09"]
[Round "10"]
[White "Subramaniam, Sumanth"]
[Black "Dhar Barua, Saheli"]
[Result "1-0"]
[WhiteElo "2103"]
[BlackElo "2027"]
[PlyCount "73"]
[EventDate "2018.09.02"]
[EventType "swiss"]
[EventRounds "10"]
[EventCountry "BAN"]
[SourceTitle "CBM 186 Extra"]
[Source "ChessBase"]
[SourceDate "2018.08.24"]
[SourceVersion "1"]
[SourceVersionDate "2018.08.24"]
[SourceQuality "1"]

1. b3 f5 2. Bb2 Nf6 3. Bxf6 exf6 4. d4 d5 5. e3 Bd6 6. g3 0-0 7. Bg2 c6 8. Ne2 Na6 9. 0-0 g5 10. c4 Be6 11. Nbc3 Nc7 12. Qd3 Qe8 13. c5 Be7 14. b4 a6 15. a4 Qg6 16. b5 axb5 17. axb5 Bd7 18. bxc6 bxc6 19. Rfb1 Rfb8 20. Na4 Rxb1+ 21. Qxb1 Qe8 22. Nb6 Rb8 23. Ra7 Bd8 24. Qa2 Be6 25. Nc3 Kh8 26. Bf1 f4 27. exf4 gxf4 28. Qd2 fxg3 29. hxg3 Qh5 30. Qf4 Bg4 31. Qd6 Qf7 32. Qxc6 Bf3 33. Bg2 Qe7 34. Bxf3 Qe1+ 35. Kg2 Qxc3 36. Rxc7 Bxc7 37. Qxf6+ 1-0

[Event "Chittagong op"]
[Site "Chittagong"]
[Date "2018.09.07"]
[Round "8"]
[White "Barua, Dibyendu"]
[Black "Dhar Barua, Saheli"]
[Result "1-0"]
[WhiteElo "2443"]
[BlackElo "2027"]
[PlyCount "63"]
[EventDate "2018.09.02"]
[EventType "swiss"]
[EventRounds "10"]
[EventCountry "BAN"]
[SourceTitle "CBM 186 Extra"]
[Source "ChessBase"]
[SourceDate "2018.08.24"]
[SourceVersion "1"]
[SourceVersionDate "2018.08.24"]
[SourceQuality "1"]

1. e4 e6 2. d4 d5 3. Nd2 Nf6 4. e5 Nfd7 5. Bd3 c5 6. c3 Nc6 7. Ne2 cxd4 8. cxd4 f6 9. exf6 Nxf6 10. Nf3 Bd6 11. 0-0 Qc7 12. Bg5 0-0 13. Bh4 Nh5 14. Qc2 h6 15. Bh7+ Kh8 16. Bg6 Rxf3 17. Bxh5 Rf8 18. Bg3 e5 19. dxe5 Bxe5 20. Rad1 Be6 21. f4 Bd6 22. f5 Bxg3 23. hxg3 Qe5 24. g4 Bg8 25. Nf4 Qe3+ 26. Kh1 Rf6 27. g5 hxg5 28. Ng6+ Rxg6 29. Bxg6 Ne5 30. Rde1 Qg3 31. Rxe5 Qxe5 32. Qd1 1-0

[Event "Chittagong op"]
[Site "Chittagong"]
[Date "2018.09.05"]
[Round "5"]
[White "Subrota, Biswas"]
[Black "Dhar Barua, Saheli"]
[Result "1/2-1/2"]
[WhiteElo "2168"]
[BlackElo "2027"]
[PlyCount "50"]
[EventDate "2018.09.02"]
[EventType "swiss"]
[EventRounds "10"]
[EventCountry "BAN"]
[SourceTitle "CBM 186 Extra"]
[Source "ChessBase"]
[SourceDate "2018.08.24"]
[SourceVersion "1"]
[SourceVersionDate "2018.08.24"]
[SourceQuality "1"]

1. Nf3 f5 2. d3 Nf6 3. e4 fxe4 4. dxe4 Nxe4 5. Bd3 Nf6 6. Ng5 Nc6 7. Nxh7 Ne5 8. f4 Nxd3+ 9. Qxd3 e6 10. Ng5 Rh6 11. Nc3 Bb4 12. Bd2 Qe7 13. 0-0-0 Bxc3 14. Qxc3 Nd5 15. Qd3 b6 16. f5 Bb7 17. fxe6 dxe6 18. c4 Nf6 19. Qe2 e5 20. Bc3 Nd7 21. Nf3 0-0-0 22. Kb1 Re8 23. Rd2 c5 24. Rhd1 Bc6 25. h3 e4 1/2-1/2

[Event "Mumbai Wealth op 3rd"]
[Site "Mumbai"]
[Date "2018.01.05"]
[Round "7"]
[White "Dhar Barua, Saheli"]
[Black "Aswin, Kumar BS"]
[Result "1-0"]
[WhiteElo "2080"]
[BlackElo "1686"]
[PlyCount "73"]
[EventDate "2017.12.30"]
[EventType "swiss"]
[EventRounds "9"]
[EventCountry "IND"]
[SourceTitle "CBM 182 Extra"]
[Source "ChessBase"]
[SourceDate "2018.02.23"]
[SourceVersion "1"]
[SourceVersionDate "2018.02.23"]
[SourceQuality "1"]

1. e4 c5 2. Nf3 d6 3. d4 cxd4 4. Nxd4 Nf6 5. Nc3 a6 6. Be2 e6 7. 0-0 Be7 8. Kh1 Qc7 9. a4 b6 10. f4 Bb7 11. Bf3 Nbd7 12. Qe1 g6 13. e5 Ng8 14. exd6 Bxd6 15. Ndb5 axb5 16. Nxb5 Qb8 17. Bxb7 Ra5 18. Bf3 Ngf6 19. b4 Ra6 20. Bb7 Ra7 21. Qd2 Be7 22. Nxa7 Qxb7 23. Nb5 0-0 24. Bb2 Ne4 25. Qe1 f5 26. Bd4 Rc8 27. c3 Ndf6 28. Bxf6 Bxf6 29. Nd6 Qa8 30. Nxc8 Bxc3 31. Nxb6 Qd8 32. Qe3 Bxa1 33. Rxa1 Qf6 34. Rd1 Qb2 35. Qd4 Nf2+ 36. Kg1 Nxd1 37. Qxb2 1-0

[Event "Seville op 38th"]
[Site "Seville"]
[Date "2013.01.18"]
[Round "8"]
[White "Ibarra Jerez, Jose Carlos"]
[Black "Dhar Barua, Saheli"]
[Result "1-0"]
[WhiteElo "2538"]
[BlackElo "2091"]
[PlyCount "75"]
[EventDate "2013.01.11"]
[EventType "swiss"]
[EventRounds "9"]
[EventCountry "ESP"]
[SourceTitle "CBM 152 Extra"]
[Source "ChessBase"]
[SourceDate "2013.02.25"]
[SourceVersion "1"]
[SourceVersionDate "2013.02.25"]
[SourceQuality "1"]

1. e4 e6 2. Nf3 d5 3. Nc3 d4 4. Ne2 c5 5. c3 dxc3 6. bxc3 Nf6 7. e5 Nd5 8. Ng3 Nc6 9. Bc4 Be7 10. 0-0 0-0 11. Bb3 b6 12. Qe2 f5 13. exf6 Bxf6 14. Qe4 Qd6 15. Re1 Bd7 16. Ba3 Rae8 17. Nh5 g6 18. Nxf6+ Rxf6 19. d4 Nxc3 20. Qe3 Nd5 21. dxc5 Nxe3 22. cxd6 Nd5 23. Ng5 Rf5 24. Ne4 Kf7 25. Bb2 h6 26. g4 Rf4 27. Bd1 Rc8 28. Bc1 Nd4 29. Bxf4 Nxf4 30. Nd2 Nc2 31. Bxc2 Rxc2 32. Nf3 Nh3+ 33. Kg2 Nxf2 34. Ne5+ Ke8 35. Kg3 g5 36. Re3 Rd2 37. Rf1 Nd1 38. Ref3 1-0

[Event "Groningen op-A 50th"]
[Site "Groningen"]
[Date "2012.12.27"]
[Round "6"]
[White "Kerigan, Demre"]
[Black "Dhar Barua, Saheli"]
[Result "1-0"]
[WhiteElo "2233"]
[BlackElo "2091"]
[PlyCount "95"]
[EventDate "2012.12.21"]
[EventType "swiss"]
[EventRounds "9"]
[EventCountry "NED"]
[SourceTitle "CBM 152 Extra"]
[Source "ChessBase"]
[SourceDate "2013.02.25"]
[SourceVersion "1"]
[SourceVersionDate "2013.02.25"]
[SourceQuality "1"]

1. e4 e6 2. d4 d5 3. Nc3 Bb4 4. Nge2 dxe4 5. a3 Be7 6. Nxe4 Nf6 7. Qd3 Nbd7 8. Bf4 Nxe4 9. Qxe4 c5 10. 0-0-0 Qb6 11. Nc3 Nf6 12. Qe5 Bd7 13. d5 exd5 14. Nxd5 Nxd5 15. Rxd5 Qe6 16. Bc4 0-0 17. Rxc5 Qg4 18. Qxe7 Qxf4+ 19. Qe3 Qf6 20. Rd1 Bc6 21. f3 Rae8 22. Qg5 Qxg5+ 23. Rxg5 g6 24. Rc5 Kg7 25. b4 Rc8 26. Rd4 b6 27. Re5 Rc7 28. b5 Bb7 29. Kb2 Rfc8 30. Kb3 Kf6 31. Re3 Kg7 32. Kb4 Ba8 33. Bb3 Bb7 34. a4 Ba8 35. Red3 Re8 36. Rd7 Re7 37. Rxc7 Rxc7 38. c4 h5 39. a5 bxa5+ 40. Kxa5 Bb7 41. Rc3 Kf6 42. c5 Ke5 43. c6 Ba8 44. Rd3 f5 45. g3 Rc8 46. Rd7 Bxc6 47. bxc6 Rxc6 48. f4+ 1-0

[Event "Groningen op-A 50th"]
[Site "Groningen"]
[Date "2012.12.22"]
[Round "2"]
[White "Berkovich, Mark A"]
[Black "Dhar Barua, Saheli"]
[Result "1/2-1/2"]
[WhiteElo "2359"]
[BlackElo "2091"]
[PlyCount "37"]
[EventDate "2012.12.21"]
[EventType "swiss"]
[EventRounds "9"]
[EventCountry "NED"]
[SourceTitle "CBM 152 Extra"]
[Source "ChessBase"]
[SourceDate "2013.02.25"]
[SourceVersion "1"]
[SourceVersionDate "2013.02.25"]
[SourceQuality "1"]

1. Nf3 f5 2. d3 g6 3. e4 d6 4. h4 Nf6 5. h5 Nxh5 6. Rxh5 gxh5 7. Nd4 c6 8. Nc3 Qa5 9. Qxh5+ Kd8 10. Be3 Bg7 11. 0-0-0 Na6 12. g4 Qe5 13. gxf5 Kc7 14. Be2 Bd7 15. f4 Qf6 16. Ndb5+ Kd8 17. Nd4 Kc7 18. Ndb5+ Kd8 19. Nd4 1/2-1/2

[Event "Sydney op"]
[Site "Parramatta"]
[Date "2010.04.08"]
[Round "3"]
[White "Lester, George E"]
[Black "Dhar Barua, Saheli"]
[Result "0-1"]
[WhiteElo "1887"]
[BlackElo "2151"]
[PlyCount "56"]
[EventDate "2010.04.07"]
[EventType "swiss"]
[EventRounds "9"]
[EventCountry "AUS"]
[SourceTitle "CBM 135 Extra"]
[Source "ChessBase"]
[SourceDate "2010.05.04"]
[SourceVersion "1"]
[SourceVersionDate "2010.05.04"]
[SourceQuality "1"]

1. d4 f5 2. g3 Nf6 3. Bg2 g6 4. c3 Bg7 5. Qb3 c6 6. Nd2 d5 7. Nh3 Ne4 8. Nf4 e5 9. Nxe4 fxe4 10. Ne6 Bxe6 11. Qxb7 Qd7 12. Qxa8 0-0 13. dxe5 Na6 14. Qxf8+ Kxf8 15. f4 exf3 16. 0-0 Kg8 17. Rxf3 Bxe5 18. Bh6 Bg7 19. Be3 Bg4 20. Rf2 Qe7 21. Bd4 Bxd4 22. cxd4 Qe3 23. Rd1 Nb4 24. h3 Be6 25. Kf1 Qxg3 26. Rf3 Qg5 27. Rb3 Nc2 28. Rdd3 Nxd4 0-1

[Event "Doeberl Cup 48th"]
[Site "Canberra"]
[Date "2010.04.01"]
[Round "2"]
[White "Bennett, Hilton Petrie"]
[Black "Dhar Barua, Saheli"]
[Result "1/2-1/2"]
[WhiteElo "2001"]
[BlackElo "2151"]
[PlyCount "121"]
[EventDate "2010.04.01"]
[EventType "swiss"]
[EventRounds "9"]
[EventCountry "AUS"]
[SourceTitle "CBM 135 Extra"]
[Source "ChessBase"]
[SourceDate "2010.05.04"]
[SourceVersion "1"]
[SourceVersionDate "2010.05.04"]
[SourceQuality "1"]

1. e4 e6 2. d3 d5 3. Qe2 Ne7 4. Nf3 c5 5. g3 Nbc6 6. c3 g6 7. Bg2 Bg7 8. 0-0 0-0 9. e5 b6 10. Na3 Ba6 11. Re1 h6 12. h4 Rc8 13. Bf4 Nf5 14. Nc2 Kh7 15. Qd2 Qe7 16. Rad1 b5 17. b3 b4 18. c4 Rfd8 19. Qe2 dxc4 20. dxc4 Bb7 21. Rxd8 Rxd8 22. Rd1 a5 23. Rxd8 Nxd8 24. Qd2 a4 25. Ne3 Nc6 26. Nxf5 gxf5 27. Qd3 axb3 28. axb3 Kg8 29. Qd2 Na5 30. Qe3 Kh7 31. Qd3 Be4 32. Qd1 Qb7 33. Be3 Qc6 34. Bf4 Qb7 35. Be3 Bxf3 36. Bxf3 Qc7 37. Qd6 Qxd6 38. exd6 Nxb3 39. Bd1 Nd4 40. d7 Bf6 41. Bxd4 cxd4 42. c5 e5 43. c6 Bd8 44. Kf1 Kg6 45. Ke2 e4 46. Kd2 d3 47. Ke3 Bb6+ 48. Kf4 Kf6 49. g4 Bc7+ 50. Ke3 Ke5 51. f4+ Kd5 52. Bb3+ Kxc6 53. gxf5 Kxd7 54. Kxe4 d2 55. Ke3 Ke7 56. Kxd2 Bxf4+ 57. Kd3 f6 58. Ke4 Bd2 59. h5 Kd6 60. Be6 Kc5 61. Bb3 1/2-1/2

[Event "Commonwealth-ch"]
[Site "Nagpur"]
[Date "2008.10.06"]
[Round "11"]
[White "Dhar Barua, Saheli"]
[Black "Santhosbaala, RS."]
[Result "1-0"]
[WhiteElo "2180"]
[BlackElo "1915"]
[PlyCount "61"]
[EventDate "2008.09.28"]
[EventType "swiss"]
[EventRounds "11"]
[EventCountry "IND"]
[SourceTitle "CBM 126 Extra"]
[Source "ChessBase"]
[SourceDate "2008.11.05"]
[SourceVersion "1"]
[SourceVersionDate "2008.11.05"]
[SourceQuality "1"]

1. e4 c5 2. Nf3 d6 3. d4 cxd4 4. Nxd4 Nf6 5. Nc3 a6 6. Be2 e5 7. Nb3 Be7 8. 0-0 0-0 9. Kh1 b6 10. f4 Bb7 11. Bf3 Nbd7 12. a4 Rc8 13. f5 Rxc3 14. bxc3 Nxe4 15. Qe1 Qa8 16. a5 b5 17. Ba3 Ndf6 18. Rd1 Qc8 19. Rd3 Qxf5 20. Re3 Qg6 21. Nd2 Nxd2 22. Qxd2 e4 23. Be2 Nd7 24. Rg3 Qe6 25. c4 bxc4 26. Bb2 Ne5 27. Qd4 f6 28. Qb6 Qd5 29. Qc7 Nc6 30. Qxb7 Nxa5 31. Bc3 1-0

[Event "Commonwealth-ch"]
[Site "Nagpur"]
[Date "2008.10.03"]
[Round "8"]
[White "Hetul, Shah"]
[Black "Dhar Barua, Saheli"]
[Result "0-1"]
[WhiteElo "1815"]
[BlackElo "2180"]
[PlyCount "84"]
[EventDate "2008.09.28"]
[EventType "swiss"]
[EventRounds "11"]
[EventCountry "IND"]
[SourceTitle "CBM 126 Extra"]
[Source "ChessBase"]
[SourceDate "2008.11.05"]
[SourceVersion "1"]
[SourceVersionDate "2008.11.05"]
[SourceQuality "1"]

1. c4 f5 2. Nc3 Nf6 3. g3 g6 4. Bg2 Bg7 5. d4 c6 6. Nf3 d6 7. 0-0 0-0 8. Re1 Ne4 9. Qc2 Nxc3 10. bxc3 e5 11. Ba3 e4 12. Nd2 Re8 13. e3 Be6 14. Rab1 Qc7 15. Qb2 b6 16. f4 exf3 17. Bxf3 d5 18. cxd5 Bxd5 19. Bxd5+ cxd5 20. Qb3 Qf7 21. Nf3 Nc6 22. Bd6 Na5 23. Qc2 Nc4 24. Bf4 h6 25. h4 Na3 26. Qb3 Nxb1 27. Rxb1 Rac8 28. Be5 Bxe5 29. Nxe5 Rxe5 30. dxe5 Qe6 31. Rd1 Rc5 32. Rd4 Qxe5 33. Kf2 Kg7 34. a3 Kf6 35. c4 Qc7 36. cxd5 Rc2+ 37. Kf3 g5 38. d6 g4+ 39. Rxg4 fxg4+ 40. Kxg4 Qd7+ 41. Kh5 Qf5+ 42. Kxh6 Qg6# 0-1

[Event "Commonwealth-ch"]
[Site "Nagpur"]
[Date "2008.09.29"]
[Round "2"]
[White "Mas, Hafizulhelmi"]
[Black "Dhar Barua, Saheli"]
[Result "0-1"]
[WhiteElo "2386"]
[BlackElo "2180"]
[PlyCount "101"]
[EventDate "2008.09.28"]
[EventType "swiss"]
[EventRounds "11"]
[EventCountry "IND"]
[SourceTitle "CBM 126 Extra"]
[Source "ChessBase"]
[SourceDate "2008.11.05"]
[SourceVersion "1"]
[SourceVersionDate "2008.11.05"]
[SourceQuality "1"]

1. e4 e6 2. d4 d5 3. Nd2 Nf6 4. e5 Nfd7 5. c3 c5 6. f4 Nc6 7. Ndf3 Qb6 8. g3 cxd4 9. cxd4 Bb4+ 10. Kf2 g5 11. fxg5 Ndxe5 12. Kg2 Nc4 13. Nh3 Be7 14. b3 Nd6 15. Bf4 Ne4 16. Bd3 h6 17. gxh6 e5 18. Bxe4 exf4 19. Bxd5 Bxh3+ 20. Kxh3 Nb4 21. Bxf7+ Kf8 22. Bc4 Qxh6+ 23. Kg2 Rd8 24. Qd2 b5 25. a3 Qh3+ 26. Kf2 Bd6 27. g4 Na6 28. Bxb5 Nc5 29. Qc2 Be7 30. Rhg1 Rxd4 31. Qf5+ Kg7 32. Qe5+ Bf6 33. Qc7+ Kg6 34. Qxc5 Bh4+ 35. Nxh4+ Qxh4+ 36. Kf1 Qh3+ 37. Rg2 Qf3+ 38. Kg1 Qe3+ 39. Kh1 Rd1+ 40. Rxd1 Qxc5 41. Bd3+ Kg5 42. Bc4 Qc6 43. Rd5+ Kh4 44. g5 Re8 45. Rgd2 Re1+ 46. Kg2 Qe6 47. R5d3 Qg4+ 48. Kf2 Qg1+ 49. Kf3 Qf1+ 50. Rf2 Qh3+ 51. Kxf4 0-1

[Event "Vlissingen HZ op 11th"]
[Site "Vlissingen"]
[Date "2007.08.10"]
[Round "8"]
[White "Dhar Barua, Saheli"]
[Black "Piceu, Tom"]
[Result "1-0"]
[WhiteElo "2142"]
[BlackElo "2350"]
[PlyCount "95"]
[EventDate "2007.08.04"]
[EventType "swiss"]
[EventRounds "9"]
[EventCountry "NED"]
[SourceTitle "CBM 119 Extra"]
[Source "ChessBase"]
[SourceDate "2007.09.04"]
[SourceVersion "1"]
[SourceVersionDate "2007.09.04"]
[SourceQuality "1"]

1. e4 c5 2. Nf3 d6 3. d4 cxd4 4. Nxd4 Nf6 5. Nc3 a6 6. Be2 e5 7. Nb3 Be7 8. 0-0 0-0 9. Kh1 Nbd7 10. a4 b6 11. Be3 Bb7 12. f3 Qc7 13. Rf2 Rfd8 14. Bf1 Rac8 15. Rd2 Qb8 16. Nc1 Qa8 17. N1a2 h6 18. b3 Nh5 19. Bc4 Nf4 20. Qf1 Nc5 21. Nb4 Bg5 22. Rad1 a5 23. Nba2 Qb8 24. Nb5 Be7 25. Nac3 Nfe6 26. Nd5 Bxd5 27. Bxd5 Rd7 28. Bc4 Rcd8 29. Nc3 Bg5 30. Bxg5 hxg5 31. Nd5 Nd4 32. c3 Nde6 33. b4 axb4 34. cxb4 Nxa4 35. Bb5 Ra7 36. Ra1 Nac5 37. bxc5 dxc5 38. Rda2 Rxa2 39. Rxa2 Nd4 40. Ra6 Rd6 41. Qa1 Kh7 42. Ra8 Qb7 43. Ra7 Qc8 44. Bf1 Qe6 45. Re7 Qg6 46. Qa8 g4 47. Re8 Kh6 48. Ne7 1-0